00569nam a2200181Ia 4500008004100000020001700041082001200058100001300070245003900083250001300122260002500135300001000160600003400170650002700204942000800231952013100239999001700370250827s9999 xx 000 0 und d a978111981191 a530 WAL aHalliday 0aFundamentals of Physics Volume One a12th ed. aUSbJhon Wileyc2022 a640p. aHumanity & Natural Sciences  aEngineering Technology cBBD 001040708BB-HUMaUITUbUITUd2025-08-27eH&S Enterpricesg1981.00l0o530 WALpBB2755r2025-08-27 16:22:37w0000-00-00yBBD c31553d31553